000
00305nam a22001217a 4500
008
180315b xxu||||| |||| 00| 0 eng d
041
_a
eng
080
_a
37
100
_a
25
101
_a
EDU
245
_a
STANDARDS FOR FOREIGN LANGUAGE LEARNING IN THE 21ST CENTRY
_c
ALLEN.L
942
_2
udc
_c
BK
999
_c
45171
_d
45171